Statistiken für Aktueller FC Luzern Kader

Klicken Sie hier um das Quiz zu spielen!

Allgemein

  • Dieses Quiz wurde 27 mal gespielt
    (21 seit der letzten Aktualisierung)
  • Das Durchschnittsergebnis liegt bei 14 aus 28

Antwortstatistiken

Nr.PositionAntwort% Korrekt
1TWPascal Loretz
90%
20RMPius Dorn
90%
90TWVaso Vasic
80%
6DMArdon Jashari
70%
33LVLeny Meyer
70%
7OMMax Meyer
70%
11LFTeddy Okou
70%
16OMJakub Kadak
60%
13LVMartin Frydek
60%
32ZMNicolas Haas
60%
21MSAsumah Abubakar
50%
5IVDenis Simani
50%
30IVIsmajl Beka
50%
99MSKemal Ademi
50%
27MSLars Villiger
50%
4IVLuca Jaquez
50%
41ZMNoah Rupp
50%
2RVSeverin Ottiger
50%
69LFSofyan Chader
50%
44TWDiego Heller
40%
10LFKevin Spadanuda
40%
18ZMNicky Beloko
40%
17MSThibault Klidjé
40%
22RVDario Ulrich
30%
23IVMauricio Willimann
30%
-OMSamuele Campo
20%
-IV
Serkan Izmirlioglu
10%
14LFLuuk Breedijk
10%

Verteilung der Resultate

Perzentil nach korrekt beantworteten Fragen

Anzahl Personen mit jedem Resultat

Ihre Resultats-Entwicklung

Sie haben dieses Quiz seit der letzten Aktualisierung nicht gespielt